| 000 | 01542nam0a22003491 4500 | ||
|---|---|---|---|
| 001 | RU\NLR\INFOCOMM_241\5000002313 | ||
| 005 | 20260405055814.0 | ||
| 035 | _a(NLR Aleph) 009078708 | ||
| 090 |
_a7968405 _c7968405 |
||
| 100 | _a20081114d1982 |||y0rusy50 ca | ||
| 101 | 1 |
_aeng _crus |
|
| 102 | _aRU | ||
| 105 | _aab z 000zy | ||
| 200 | 1 |
_aAutomatic power system control _f[Валерий Александрович Богданов, Валентин Андреевич Веников, Яков Натанович Лугинский, Георгий Антонович Черня] _gtransl. from the Russian by V. M. Markovsky |
|
| 205 | _aRev. from the 1979 Russ .ed | ||
| 210 |
_aΜoscow _cMir _d1982 |
||
| 215 |
_a445 с. _cил., карт. _d22 см |
||
| 225 | 1 |
_aElectric power systems _v7 |
|
| 300 | _aВ вып. дан.: Автоматизированные системы управления режимами энергосистем | ||
| 320 | _aБиблиогр.: с. 441 | ||
| 517 | 1 | _aАвтоматизированные системы управления режимами энергосистем | |
| 686 |
_aЗ27-05 _2rubbk |
||
| 701 | 1 |
_aBogdanov _cV. A. _gValerij Aleksandrovič |
|
| 701 | 0 |
_aVenikov _bV. A. _f1912- _gValentin Andreevič |
|
| 701 | 1 |
_8rus _7ba _aLuginskij _bJ. N. _gJakov Natanovič _3RU\NLR\AUTH\7719250 _92323 |
|
| 701 | 1 |
_aČernja _bG. A. _gGeorgij Antonovič |
|
| 801 | 1 |
_aRU _bNLR _c20081114 |
|
| 801 | 0 |
_aRU _bNLR _gPSBO |
|
| 852 |
_aNLR _jТ21 Д-5/152 |
||
| 942 | _cBOOK | ||
| 980 | _aNB | ||